| 000 | 00575nam a2200193Ia 4500 | ||
|---|---|---|---|
| 003 | OSt | ||
| 005 | 20250215120912.0 | ||
| 008 | 210210b1973 xxu||||| |||| 00| 0 eng d | ||
| 040 | _cAL | ||
| 041 | _ahin | ||
| 082 | _a861/192 | ||
| 100 |
_aTRIPATI (Ram Naresh): _9200036 |
||
| 110 |
_bत्रिपाठी रामनरेश _9200037 |
||
| 245 |
_aRamacharit manas: ayodya kanda: _bरामचरित मानस: अयोद्या कांड |
||
| 260 |
_aIllahabad _b- _c1973 |
||
| 690 |
_aHindi Poetry _9200038 |
||
| 906 | _a023212 | ||
| 942 |
_2ddc _cBK |
||
| 999 |
_c148142 _d148142 |
||